Polityka przemyslowa. Studium porównawcze.

Nepriame nástroje pôsobenia štátu. Cieľom priemyselnej politiky je udržať alebo posilniť konkurenčnosť priemyslu na medzinárodnom trhu. Vláda a jej úlohy v priemyselnej politike. Fungovanie finančného systému. Úlohy štátu pri rozvoji priemyslu v NSR, vo Švédsku, Rakúsku a vo Veľkej Británii.

Gespeichert in:
Bibliographische Detailangaben
1. Verfasser: Kuzinski, S.
Format: Buchkapitel
Sprache:Polnisch
Schlagworte:
Tags: Tag hinzufügen
Keine Tags, Fügen Sie das erste Tag hinzu!

MARC

LEADER 00000naa a2200000 4500
001 r009759
005 20221125122925.7
041 0 |a pol 
044 |a PL 
245 1 0 |a Polityka przemyslowa. Studium porównawcze.  |c S. Kuzinski 
520 |a Nepriame nástroje pôsobenia štátu. Cieľom priemyselnej politiky je udržať alebo posilniť konkurenčnosť priemyslu na medzinárodnom trhu. Vláda a jej úlohy v priemyselnej politike. Fungovanie finančného systému. Úlohy štátu pri rozvoji priemyslu v NSR, vo Švédsku, Rakúsku a vo Veľkej Británii. 
610 2 0 |a politika priemyselná 
610 2 0 |a štát 
610 2 0 |a programy vládne 
610 2 0 |a konkurencieschopnosť 
610 2 0 |a trh medzinárodný 
610 2 0 |a sústava finančná 
610 2 0 |a porovnanie štatistické medzinárodné 
610 2 0 |a Nemecko 
610 2 0 |a Švédsko 
610 2 0 |a Rakúsko 
610 2 0 |a Veľká Británia 
100 1 |a Kuzinski, S.